000 00272nam a2200109Ia 4500
008 220204s9999 xx 000 0 und d
082 _a635
_bCHO
100 _aCHOISY, Kevin de
245 0 _aAllotment gardening
260 _aWellingborough
_bThrosons Pub
_c1979
942 _cBK
999 _c35924
_d35924